Casos de investigaciones documentales /
Autenticidad o falsedad: firmas simples de difícil resolución. Documentos en blanco: firmas auténticas. Documentos fraguados. Evitamiento. Modificaciones escriturales: normales o fraudulentas /
Guardado en:
| Autor Principal: | |
|---|---|
| Otros Autores: | |
| Formato: | Capítulo de libro |
| Idioma: | Spanish |
| Publicado: |
Ciudad Autónoma de Buenos Aires :
La Rocca,
2014.
|
| Edición: | 1a. ed. |
| Materias: | |
| Etiquetas: |
Agregar Etiqueta
Sin Etiquetas, Sea el primero en etiquetar este registro!
|
| LEADER | 00792naa a22001815a 4500 | ||
|---|---|---|---|
| 001 | DER.der014328 | ||
| 008 | 191031s2014####ag#||||||||||||||#||spa|| | ||
| 005 | 20260303122214.0 | ||
| 245 | 1 | 0 | |a Casos de investigaciones documentales / |c Julia Elena de la Peña ; prólogo de Celso M. R. del Picchia. |
| 250 | |a 1a. ed. | ||
| 260 | |a Ciudad Autónoma de Buenos Aires : |b La Rocca, |c 2014. | ||
| 300 | |a 236 p. | ||
| 520 | |a Autenticidad o falsedad: firmas simples de difícil resolución. Documentos en blanco: firmas auténticas. Documentos fraguados. Evitamiento. Modificaciones escriturales: normales o fraudulentas / | ||
| 020 | |a 9789875171435 | ||
| 100 | 1 | |a de la Peña, Julia Elena. | |
| 700 | 1 | |a del Picchia, Celso M. R., |e prol. | |
| 650 | 7 | |a CRIMINALISTICA | |
| 859 | |a DERECHO |b BIB. DERECHO |h 364 |i PEÑ |p 009599 | ||
